[Event "Niedersachsen-ch U16/18 Girls"]
[Site "Rotenburg/Wuemme"]
[Date "2007.04.01"]
[Round "2"]
[White "Bruenn, Anna Katharina"]
[Black "Warmer, Doreen"]
[Result "0-1"]
[WhiteElo "782"]
[BlackElo "867"]
[PlyCount "52"]
[EventDate "2007.03.31"]
[EventType "swiss"]
[EventRounds "9"]
[EventCountry "GER"]
[SourceTitle "EXT 2008"]
[Source "ChessBase"]
[SourceDate "2007.11.25"]
[SourceVersion "1"]
[SourceVersionDate "2007.11.25"]
[SourceQuality "1"]

1. e4 e5 2. Nf3 Nc6 3. Bc4 Bc5 4. 0-0 Nf6 5. Nc3 d6 6. d3 Bg4 7. h3 Bh5 8. Bg5 Nd4 9. Rc1 h6 10. Bh4 g5 11. Bg3 g4 12. hxg4 Bxg4 13. Na4 Nh5 14. Nxc5 dxc5 15. Bxe5 Rg8 16. c3 Nc6 17. d4 cxd4 18. cxd4 Qe7 19. Qa4 Bxf3 20. Bd5 0-0-0 21. Rc3 Rxg2+ 22. Kh1 Rg6+ 23. Rxf3 Qh4+ 24. Bh2 Rdg8 25. Bxf7 Rg2 26. Bxg8 Qxh2# 0-1